Highway capacity manual: special report 209

Saved in:
Bibliographic Details
Corporate Author: Transportation Research Board (Author)
Format: Book
Language:English
Published: Washington, D.C National Research Council 1994
Edition:3a. ed
Subjects:
Tags: Add Tag
No Tags, Be the first to tag this record!

MARC

LEADER 00000nam a2200000 a 4500
001 UCU3322
003 CL-VaPUC
008 960510e19940000US |||||||||||||||||eng|d
082 0 4 |a 388.314  |b TRA  |2 21 
110 2 |a Transportation Research Board  |e author  |9 471154 
245 1 0 |a Highway capacity manual: special report 209 
250 |a 3a. ed 
300 |a p.v 
942 |c BK 
945 |d 19960510 00:00:00  |a rbrito 
260 |a Washington, D.C  |b National Research Council  |c 1994 
650 7 |a TRAFICO URBANO  |2 CL-VaPUC  |9 471155 
650 7 |a PLANIFICACION DEL TRANSPORTE  |2 CL-VaPUC  |9 471156 
650 0 |a Tráfico vial  |9 808115 
650 0 |a Transporte urbano  |9 260307 
650 0 |a Planificación urbana   |9 258176 
650 7 |a TRANSPORTE  |2 CL-VaPUC  |9 256365 
650 0 |a Tráfico vial  |9 808115 
650 0 |a Carreteras  |9 260132 
650 7 |a INFRAESTRUCTURA DE TRANSPORTE  |2 CL-VaPUC  |9 335398 
583 |a last modification  |c 19960510 00:00:00  |k Rodrigo Vera 
999 |c 301245  |d 301243 
952 |0 0  |1 0  |4 0  |6 388_314000000000000_TRA_1994  |7 0  |8 F  |9 360027  |a BIBING  |b BIBING  |d 2019-11-21  |i 3197786  |o 388.314 TRA 1994  |p 3197786  |r 2025-01-20  |w 2019-11-21  |y BK_F  |k TRA